| 000 | 00854nam a22002535a 4500 | ||
|---|---|---|---|
| 001 | 15248010 | ||
| 005 | 20080404160023.0 | ||
| 008 | 080404s2008 mau 000 0 eng | ||
| 010 | _a 2008926526 | ||
| 020 | _a9781856174640 | ||
| 040 |
_aDLC _cDLC |
||
| 082 |
_222 _a660.284245 _bSUT |
||
| 100 | 1 |
_aSutherland, Ken. _94203 |
|
| 245 | 1 | 0 |
_aFilters and filtration handbook / _cKen Sutherland. |
| 250 | _a5th ed. | ||
| 260 |
_aBoston, MA : _bElsevier, _c2008. |
||
| 263 | _a0805 | ||
| 300 |
_a523p.: _c; 24 cm. |
||
| 650 |
_94202 _aFilters and filtration _v-- Handbooks, manuals, etc. |
||
| 906 |
_bibc _corignew _d2 _eepcn _f20 _gy-gencatlg |
||
| 942 |
_2ddc _cARCH |
||
| 999 |
_c11419 _d11419 |
||